The Twelve Olympians - Statistics

General Stats
  • This quiz has been taken 58 times
    44 since last reset
  • The average score is 9 of 13
Answer Stats
Hint Answer % Correct
The king of the Gods Zeus
100%
God of the Sea Poseidon
93%
Goddess of family and marriage Hera
90%
God of War Ares
79%
Goddess of Love Aphrodite
76%
Goddess of the hunt Artemis
76%
Goddess of War and Wisdom Athena
76%
Goddess of the Harvest Demeter
76%
God of Wine (Sometimes replaced by below) Dionysus
76%
God of light and music Apollo
72%
The Messenger God Hermes
62%
Goddess of the Hearth Hestia
55%
God of Blacksmiths Hesphaestus
0%
No matching quizzes found
Score Distribution
Percent of People with Each Score
Percentile by Number Answered
Your Score History
You have not taken this quiz since the last reset